000 00272nam a22001217a 4500
008 170703b xxu||||| |||| 00| 0 eng d
041 _aeng
080 _a82
100 _a22
101 _aGJL
245 _aETHICS: THE STUDY OF MORAL VALUES
_cADLER, M.I
942 _2udc
_cBK
999 _c19841
_d19841